[Event "Perm op-A 03"]
[Site "Perm"]
[Date "2009.03.15"]
[Round "5"]
[White "Nekrasov, Evgeny G"]
[Black "Zamorin, Nikolai"]
[Result "0-1"]
[WhiteElo "2193"]
[BlackElo "2185"]
[PlyCount "106"]
[EventDate "2009.03.11"]
[EventType "swiss"]
[EventRounds "9"]
[EventCountry "RUS"]
[SourceTitle "EXT 2022"]
[Source "ChessBase"]
[SourceDate "2021.10.06"]
[SourceVersion "1"]
[SourceVersionDate "2021.10.06"]
[SourceQuality "1"]

1. Nf3 c5 2. c4 Nc6 3. Nc3 Nf6 4. g3 g6 5. Bg2 Bg7 6. 0-0 0-0 7. e4 d6 8. Re1 Nd4 9. d3 Bg4 10. Be3 Nd7 11. Bxd4 Bxd4 12. Qb3 Bxf3 13. Bxf3 Ne5 14. Be2 a6 15. Kg2 e6 16. h4 Rb8 17. f4 Nc6 18. Bf3 Bg7 19. Qd1 Nd4 20. Bg4 b5 21. Qd2 Qb6 22. Rab1 Qb7 23. Ne2 h5 24. Nxd4 hxg4 25. Nc2 f5 26. Kh2 d5 27. cxd5 exd5 28. e5 d4 29. Qg2 Qb6 30. Re2 Qe6 31. b4 Qxa2 32. Ra1 Qb3 33. bxc5 Qxd3 34. Rxa6 Qc4 35. Rd2 b4 36. Rxg6 d3 37. Ne3 Qxc5 38. Nd1 Qc4 39. Nb2 Qf7 40. Rd6 Rfd8 41. R2xd3 Rxd6 42. Rxd6 Bf8 43. Rd2 Rc8 44. Qe2 Qe6 45. Qd3 Rc3 46. Qd8 Kf7 47. Na4 Be7 48. Qa5 Ra3 49. Qb5 Qb3 50. e6+ Qxe6 51. Nb2 Re3 52. Nd1 Re1 53. Nf2 Kg7 0-1

[Event "Perm op 08-B"]
[Site "Perm"]
[Date "2007.08.20"]
[Round "4"]
[White "Zamorin, Nikolai"]
[Black "Matveeva, Olga"]
[Result "0-1"]
[WhiteElo "2039"]
[BlackElo "1815"]
[PlyCount "86"]
[EventDate "2007.08.15"]
[EventType "swiss"]
[EventRounds "7"]
[EventCountry "RUS"]
[SourceTitle "EXT 2022"]
[Source "ChessBase"]
[SourceDate "2021.10.06"]
[SourceVersion "1"]
[SourceVersionDate "2021.10.06"]
[SourceQuality "1"]

1. e4 c5 2. Nf3 Nc6 3. d4 cxd4 4. Nxd4 g6 5. Be3 Bg7 6. Nc3 Nf6 7. Nxc6 bxc6 8. Be2 0-0 9. 0-0 d5 10. exd5 cxd5 11. Bd4 Bb7 12. Re1 Ne4 13. Bxg7 Kxg7 14. Nxe4 dxe4 15. Qxd8 Rfxd8 16. Rad1 Rac8 17. Rxd8 Rxd8 18. Rd1 Rxd1+ 19. Bxd1 Kf6 20. Kf1 Ke5 21. Ke2 f5 22. c3 e3 23. Kxe3 f4+ 24. Ke2 Bxg2 25. b4 g5 26. a4 g4 27. b5 h5 28. Ke1 Kd5 29. Bb3+ Kc5 30. Be6 Bf3 31. h4 gxh3 32. Bxh3 e5 33. Kd2 Bg4 34. Bg2 f3 35. Bh1 e4 36. Ke3 Bh3 37. Bxf3 exf3 38. Kxf3 Bd7 39. Ke4 h4 40. f4 a6 41. Kf3 axb5 42. a5 Kc6 43. Ke4 Kb7 0-1